Family Feud Quiz Stats

 Plays Quiz not verified by Sporcle

Support Sporcle.
Go Orange.
Score 0/56 Timer 08:00
0 Plays Today
Question Answer % Correct
Name a place you visit where you aren't allowed to touch anythingMuseum - Gallery
87%
Name something people do while riding a rollercoasterScream
85.6%
Name something people buy to show they are successfulCar
80.6%
When they have run out of money, what might a gambler put on the tableJewelry
75.8%
Name something people buy to show they are successfulJewelry
75.5%
When they have run out of money, what might a gambler put on the tableArticles of Clothing
73.9%
Name something people buy to show they are successfulHouse
73.4%
Other than a bull, name a big animal you wouldnt want in your china shopElephant
68.9%
Name something that often gets tied upShoe laces
64.1%
Name something you would hate to find under your bedMonster
61.6%
Name something a customer might do to annoy a waitressNot Tip
58%
Name an article of clothing people put on their dog at ChristmasSweater
54.9%
Name something people do while riding a rollercoasterGet sick
46%
Name something people buy to show they are successfulSuit
45.4%
Name something that often gets tied upDog
44.8%
Other than a bull, name a big animal you wouldnt want in your china shopHorse
43.6%
Name something that often gets tied upHorse
43.6%
Other than a bull, name a big animal you wouldnt want in your china shopRhino
42.3%
Other than a bull, name a big animal you wouldnt want in your china shopCow
38.2%
Other than a bull, name a big animal you wouldnt want in your china shopHippo
37.5%
Name something people do while riding a rollercoasterLaugh
33.6%
Name something you would hate to find under your bedPerson
33.3%
Other than a bull, name a big animal you wouldnt want in your china shopBear
33.2%
Name something people do while riding a rollercoasterRaise arms
32.7%
Name something you would hate to find under your bedDust
31.2%
Name a garment you'd probably find in the dressing room for a pro wrestling eventMask
31.1%
Name something people do while riding a rollercoasterClose their eyes
28.6%
Name an article of clothing people put on their dog at ChristmasSanta Hat
28.6%
Question Answer % Correct
Name an article of clothing people put on their dog at ChristmasAntlers
28.6%
Name something you would hate to find under your bedRodent
28.1%
Name something you would hate to find under your bedSpider
28.1%
Name something that often gets tied upRope
27.1%
Name a garment you'd probably find in the dressing room for a pro wrestling eventBelt
26.8%
Name something people buy to show they are successfulBoat
26.4%
Name something that often gets tied upBoat
25.1%
Name something you would hate to find under your bedSnake
24.1%
Name a garment you'd probably find in the dressing room for a pro wrestling eventTights
24%
Name a place you visit where you aren't allowed to touch anythingZoo
23.4%
Name a garment you'd probably find in the dressing room for a pro wrestling eventShorts
22.1%
When they have run out of money, what might a gambler put on the tableCar Keys
20.6%
Name a garment you'd probably find in the dressing room for a pro wrestling eventCape
17.9%
Name something a customer might do to annoy a waitressSnap Fingers
17.1%
Name something a customer might do to annoy a waitressSpill Drinks
17.1%
Name something a customer might do to annoy a waitressSend Back Food
16.2%
Name a garment you'd probably find in the dressing room for a pro wrestling eventRobe
15.9%
When they have run out of money, what might a gambler put on the tableCredit Card
15.7%
When they have run out of money, what might a gambler put on the tableDeed to House
15.3%
Name a place you visit where you aren't allowed to touch anythingGentlemans Club
14.4%
Name an article of clothing people put on their dog at ChristmasBells
14.3%
Name something a customer might do to annoy a waitressFlirt
13.2%
Name a place you visit where you aren't allowed to touch anythingChina Shop
12.5%
Other than a bull, name a big animal you wouldnt want in your china shopMoose
12.2%
Name a garment you'd probably find in the dressing room for a pro wrestling eventLeotard
11.6%
Name something you would hate to find under your bedRotting food
10.9%
Name something that often gets tied upTraffic
7.7%
Name something that often gets tied upPhone Lines
5.5%

You're not logged in!

Compare scores with friends on all Sporcle quizzes.
OR
Log In

From the Vault

Constant Consonants 'W' to 'Z'

by caramba

Last letters in the alphabet, first in our hearts.
Remove Ads.
Support Sporcle.
Get the best of Sporcle when you Go Orange. This ad-free experience offers more features, more stats, and more fun while also helping to support Sporcle. Thank you for becoming a member.

Show Comments

Extras

Top Quizzes Today


Score Distribution

Your Account Isn't Verified!

In order to create a playlist on Sporcle, you need to verify the email address you used during registration. Go to your Sporcle Settings to finish the process.

Report this User

Report this user for behavior that violates our Community Guidelines.

Details: